000 00463nam a22001937a 4500
003 MPLRDC
005 20220104142905.0
008 210129b ||||| |||| 00| 0 eng d
020 _a957-9685-32-0
082 _a192.32 SM
100 _a三毛等著
245 _a你可以说得更好
_c
250 _a四版
260 _a
_b方智出版公司
_c1991
300 _b
490 _a社会大学. 13
650 _a谈话; 口才
942 _cBK
_o192.32 SM
999 _c34596
_d34586